Catálogo
 En Linea

Así es la provincia Santiago Rodríguez. / (Registro nro. 55212)

Detalles MARC
000 -CABECERA
campo de control de longitud fija 01823nam a2200325 i 4500
003 - IDENTIFICADOR DEL NÚMERO DE CONTROL
campo de control DO-SdBNP
005 - FECHA Y HORA DE LA ÚLTIMA TRANSACCIÓN
campo de control 20260525200946.0
006 - CÓDIGOS DE INFORMACIÓN DE LONGITUD FIJA--CARACTERÍSTICAS DEL MATERIAL ADICIONAL
campo de control de longitud fija a||||gr|||| 00| 0
007 - CAMPO FIJO DE DESCRIPCIÓN FÍSICA--INFORMACIÓN GENERAL
campo de control de longitud fija ta
008 - DATOS DE LONGITUD FIJA--INFORMACIÓN GENERAL
campo de control de longitud fija 231020n200? dr aobc| |||| 00| 0 spa d
040 ## - FUENTE DE LA CATALOGACIÓN
Centro catalogador/agencia de origen DO-SdBNP
Lengua de catalogación spa
Centro/agencia transcriptor BNPHU
Normas de descripción rda
041 ## - CÓDIGO DE LENGUA
Código de lengua del texto/banda sonora o título independiente spa
082 #4 - NÚMERO DE LA CLASIFICACIÓN DECIMAL DEWEY
Número de edición 23
Número de documento/Ítem R696a
Número de clasificación 972.9317
100 ## - ENTRADA PRINCIPAL--NOMBRE DE PERSONA
Código de función/relación aut.
Nombre de persona Rodríguez Bueno, Juan José
Término indicativo de función/relación autor
9 (RLIN) 89743
245 10 - MENCIÓN DE TÍTULO
Título Así es la provincia Santiago Rodríguez. /
Mención de responsabilidad, etc. Juan José Rodríguez Bueno ; portada, Rafael B. Pujols.
264 ## - PRODUCCIÓN, PUBLICACIÓN, DISTRIBUCIÓN, FABRICACIÓN Y COPYRIGHT
Producción, publicación, distribución, fabricación y copyright [Santiago Rodríguez,] República Dominicana :
Nombre del de productor, editor, distribuidor, fabricante Impresos Reyes,
Fecha de producción, publicación, distribución, fabricación o copyright [200?]
300 ## - DESCRIPCIÓN FÍSICA
Extensión 221 páginas :
Otras características físicas Ilustraciones, fotografías, mapas, retratos ;
Dimensiones 21 cm
336 ## - TIPO DE CONTENIDO
Fuente rdacontent
Término de tipo de contenido texto
Código de tipo de contenido txt
337 ## - TIPO DE MEDIO
Fuente rdamedia
Nombre/término del tipo de medio sin mediación
Código del tipo de medio n
338 ## - TIPO DE SOPORTE
Fuente rdacarreir
Nombre/término del tipo de soporte volumen
Código del tipo de soporte nc
500 ## - NOTA GENERAL
Nota general Incluye datos biográficos del autor en la contracubierta.
504 ## - NOTA DE BIBLIOGRAFÍA, ETC.
Nota de bibliografía, etc. Bibliografía: páginas [22 - 23].
505 ## - NOTA DE CONTENIDO CON FORMATO
Nota de contenido con formato Marco Físico de la Provincia.
Título Evolución histórico- Político.--
-- General Santiago Rodríguez, Ideólogo de la Restauración.--
-- Sabaneta, Cuna de la Restauración.--
-- Producción Agrícola.--
-- Producción Pecuaria.--
-- Evolución Educativa y Cultural.--
-- Medios de Comunicación.--
-- Sus Autoridades, Líderes Comunitarios y Políticos Aspectos Religiosos.--
-- Aspectos Religiosos.--
-- Valores Artísticos y Folklóricos.--
-- Municipio de Monción.--
-- Distrito Municipal de Villa Los Almacigos.
590 ## - NOTA LOCAL (RLIN)
Nota local Inventariado 2023 / MF
651 ## - PUNTO DE ACCESO ADICIONAL DE MATERIA--NOMBRE GEOGRÁFICO
Nombre geográfico Santiago Rodríguez (República DOminicana : Provincia)
Subdivisión general Historia
9 (RLIN) 89744
651 ## - PUNTO DE ACCESO ADICIONAL DE MATERIA--NOMBRE GEOGRÁFICO
Nombre geográfico Santiago Rodríguez (República DOminicana : Provincia)
Subdivisión general Geografía
9 (RLIN) 89745
651 ## - PUNTO DE ACCESO ADICIONAL DE MATERIA--NOMBRE GEOGRÁFICO
Nombre geográfico Santiago Rodríguez (República DOminicana : Provincia)
Subdivisión general Condiciones económicas
9 (RLIN) 89746
700 1# - PUNTO DE ACCESO ADICIONAL--NOMBRE DE PERSONA
Nombre de persona Pujols, Rafael B.,
Término indicativo de función/relación ilustrador
9 (RLIN) 84506
942 ## - ELEMENTOS DE PUNTO DE ACCESO ADICIONAL (KOHA)
Fuente del sistema de clasificación o colocación Dewey Decimal Classification
Tipo de ítem Koha Libro
Existencias
Estado de retiro Estado de pérdida Fuente del sistema de clasificación o colocación Restricciones de uso No para préstamo Código de colección Localización permanente Ubicación/localización actual Ubicación en estantería Fecha de adquisición Total de préstamos Signatura topográfica completa Código de barras Fecha visto por última vez Precio válido a partir de Tipo de ítem Koha
    Dewey Decimal Classification Excluido de préstamo   Patrimonio Dominicano Biblioteca Nacional Pedro Henríquez Ureña Biblioteca Nacional Pedro Henríquez Ureña En catalogación 20.10.2023   972.9317 R696a 2023-7071 20.10.2023 20.10.2023 Libro

Con tecnología Koha